|
|
|
|
| LEADER |
00963nam a2200241 a 4500 |
| 001 |
2725265 |
| 008 |
090831s1976 enka b 001 0 eng d |
| 010 |
|
|
|a \\77355107
|
| 020 |
|
|
|a 0043720145 :
|c £5.25.
|
| 020 |
|
|
|a 0043720153 (pbk)
|
| 040 |
|
|
|a DLC
|c DLC
|d DLC
|
| 082 |
0 |
0 |
|a 372.7/3/0440941
|2 18
|
| 100 |
1 |
|
|a Taylor, Joy.
|
| 245 |
1 |
4 |
|a The foundations of maths in the infant school /
|c by Joy Taylor.
|
| 260 |
|
|
|a London :
|b Allen and Unwin,
|c 1976.
|
| 300 |
|
|
|a 3-168 p. :
|b ill. ;
|c 22 cm.
|
| 490 |
0 |
|
|a Unwin education books ; 29
|
| 504 |
|
|
|a Includes bibliographical references (p. [165]-166) and index.
|
| 541 |
1 |
|
|e 00007166
|
| 650 |
|
0 |
|a Mathematics
|x Study and teaching (Primary)
|
| 852 |
4 |
|
|a Ayesha Abed Library
|j General shelf
|
| 999 |
|
|
|c 3464
|d 3464
|
| 952 |
|
|
|0 0
|1 0
|2 ddc
|4 0
|6 372_730440941000000_TAY_1976
|7 0
|9 3144
|a BRACUL
|b BRACUL
|c GEN
|d 2009-09-01
|g 0.00
|l 0
|o 372.730440941 TAY
|p 3010007166
|r 2009-09-01
|t 1
|w 2009-09-01
|y BK
|x No price found in the accession register.
|